000 00438nam a2200181Ia 4500
001 13378
005 20260306164757.0
008 260306t2010||||xx |||||||||||||| ||spa||
041 _aESP
082 _a003.3
_bD23
100 _aDankowicz, Harry
_eAUT
245 0 _aMultibody mechanics and visualization
260 _c2010
300 _axviii, 504 páginas :
_c24 cm.
650 _aGEN
654 _aCCC
942 _cLIB
_dJUS
_fJUS
_2ddc
_n
999 _c13378
_d13378